000 00702nam a22002297a 4500
003 UA-OsUOA
001 43009
007 ta
008 20061204b un ||||| |||| 00| 0 ukr d
090 _a94(520)
_bЯ70
942 _cBK
040 _aUA-OsUOA
_brus
_cUA-OsUOA
_dUA-OsUOA
245 _aЯпония второй половины ХХ века
_bПроблемы и судьбы
_cОтв. ред. Э.В. Молодякова, С.Б. Маркарьян
300 _a248 с.
955 _a2
041 _arus
080 _a94(520)
020 _a5-02-018349-0
260 _aМ.
_bВост.лит
_c2003
650 7 _a9 Географія. Біографії. Історія
_2UDC
999 _c329139
_d329139